000 00410nam a2200145Ia 4500
008 230917s9999||||xx |||||||||||||| ||und||
040 _e40194
_aMAIN
041 _aEnglish
082 _a809.252 C382C
100 _aCharney, Maurice
245 0 _aComedy high and law: An introduction to the experience of comedy
260 _aNew York
_bOxford University Press
_c1978
300 _axvii, 203 p.
942 _cBK
999 _c193464
_d193464